Convención americana sobre derechos humanos (Record no. 750)

MARC details
000 -LEADER
campo de control de longitud fija 00258nam a2200109Ia 4500
005 - FECHA Y HORA DE LA ÚLTIMA TRANSACCIÓN
campo de control 20251028132339.0
008 - DATOS DE LONGITUD FIJA--INFORMACIÓN GENERAL
campo de control de longitud fija 251020t2016||||xx |||||||||||||| ||spa||
041 ## - CÓDIGO DE IDIOMA
Código de lengua del texto/banda sonora o título independiente spa
245 #0 - MENCIÓN DEL TÍTULO
Título Convención americana sobre derechos humanos
260 ## - PUBLICACIÓN, DISTRIBUCIÓN, ETC.
Fecha de publicación, distribución, etc. 2016
942 ## - ELEMENTOS DE ENTRADA SECUNDARIOS (KOHA)
-- LB
Tipo de ítem Koha Libro
Holdings
Estatus retirado Estado de pérdida Fuente de la clasificación o esquema de estantería Estado de daño No para préstamo Colección Biblioteca de origen Biblioteca actual Fecha de adquisición Total de préstamos Signatura topográfica completa Código de barras Visto por última vez Copia número Precio de reemplazo Tipo de ítem Koha
    Clasificación Decimal Dewey     Derecho Central Central 20/10/2025   341.481/C 0002023 20/10/2025 Ej.1 20/10/2025 Libro